المخرج في المسرح المعاصر / (رقم التسجيلة. 7461)

تفاصيل مارك
000 -LEADER
fixed length control field 00609nam a22001937a 4500
005 - DATE AND TIME OF LATEST TRANSACTION
control field 20251108164241.0
008 - FIXED-LENGTH DATA ELEMENTS--GENERAL INFORMATION
fixed length control field 250721s1979 xx 000 0 ara d
082 14 - DEWEY DECIMAL CLASSIFICATION NUMBER
Classification number 792.0232/سعد
100 1# - MAIN ENTRY--PERSONAL NAME
Personal name أردش، سعد
245 10 - TITLE STATEMENT
Title المخرج في المسرح المعاصر /
264 1# - PRODUCTION, PUBLICATION, DISTRIBUTION, MANUFACTURE, AND COPYRIGHT NOTICE
Place of production, publication, distribution, manufacture الكويت :
Name of producer, publisher, distributor, manufacturer المجلس الوطني للثقافه و الفنون و الأداب،
Date of production, publication, distribution, manufacture, or copyright notice 1979.
300 ## - PHYSICAL DESCRIPTION
Extent 394ص
490 0# - SERIES STATEMENT
Series statement عالم المعرفه
650 17 - SUBJECT ADDED ENTRY--TOPICAL TERM
Topical term or geographic name as entry element المسرح
650 17 - SUBJECT ADDED ENTRY--TOPICAL TERM
Topical term or geographic name as entry element الإنتاج المسرحي
650 17 - SUBJECT ADDED ENTRY--TOPICAL TERM
Topical term or geographic name as entry element الإخراج المسرحي
942 ## - ADDED ENTRY ELEMENTS (KOHA)
Source of classification or shelving scheme Dewey Decimal Classification
Koha item type كتب
المقتنيات
حالة السحب حالة الفقدان مصدر التصنيف حالة التلف غير قابل للإعارة المكتبة الرئيسية المكتبة الحالية موقع الرف تاريخ التزويد الرقم المتسلسل Total Checkouts رقم الإستدعاء تاريخ آخر ظهور تاريخ الفاتورة نوع المادة (كوها)
    Dewey Decimal Classification Unchecked   مكتبة النصر العامة مكتبة النصر العامة الإعارة 06/07/2004 1765   792.0232/سعد 28/07/2025 06/07/2004 كتب
Implemented & Customized by: BBB with SCIT (Smart Chains for Information Technology)

Powered by Koha